|
|
|
|
| LEADER |
01437nam a2200373Ia 4500 |
| 001 |
EBC1606510 |
| 003 |
MiAaPQ |
| 005 |
20200520144314.0 |
| 006 |
m o d | |
| 007 |
cr cn||||||||| |
| 008 |
130221s2012 dcua sb 000 0 eng d |
| 020 |
|
|
|z 9781463931155
|
| 020 |
|
|
|z 9781463939021
|
| 035 |
|
|
|a (MiAaPQ)EBC1606510
|
| 035 |
|
|
|a (Au-PeEL)EBL1606510
|
| 035 |
|
|
|a (CaPaEBR)ebr10566324
|
| 035 |
|
|
|a (OCoLC)870244935
|
| 040 |
|
|
|a MiAaPQ
|c MiAaPQ
|d MiAaPQ
|
| 050 |
|
4 |
|a HG3881
|b .C53 2012
|
| 100 |
1 |
|
|a Claessens, Stijn.
|
| 245 |
1 |
0 |
|a Foreign banks
|h [electronic resource] :
|b trends, impact and financial stability /
|c prepared by Stijn Claessens and Neeltje van Horen.
|
| 260 |
|
|
|a [Washington, D.C] :
|b International Monetary Fund, Asia and Pacific Department,
|c [2012]
|
| 300 |
|
|
|a 39 p. :
|b ill. (some col.).
|
| 490 |
0 |
|
|a IMF working paper ;
|v WP/12/10
|
| 500 |
|
|
|a "January 2012".
|
| 504 |
|
|
|a Includes bibliographical references.
|
| 533 |
|
|
|a Electronic reproduction. Ann Arbor, MI : ProQuest, 2015. Available via World Wide Web. Access may be limited to ProQuest affiliated libraries.
|
| 650 |
|
0 |
|a Banks and banking, Foreign.
|
| 650 |
|
0 |
|a Investments, Foreign.
|
| 655 |
|
4 |
|a Electronic books.
|
| 700 |
1 |
|
|a Horen, Neeltje van.
|
| 710 |
2 |
|
|a International Monetary Fund.
|
| 710 |
2 |
|
|a ProQuest (Firm)
|
| 856 |
4 |
0 |
|u https://ebookcentral.proquest.com/lib/matrademy/detail.action?docID=1606510
|z Click to View
|